书目信息 |
| 题名: |
决胜绿色法庭
|
|
| 作者: | 王继恒 著 | |
| 分册: | ||
| 出版信息: | 北京 中国社会科学出版社 2021.03 |
|
| 页数: | 289页 | |
| 开本: | 24cm | |
| 丛书名: | 环境司法文库 | |
| 单 册: | ||
| 中图分类: | D922.680.4 | |
| 科图分类: | ||
| 主题词: | 生态环境--sheng tai huan jing--环境保护法--研究--中国 | |
| 电子资源: | ||
| ISBN: | 978-7-5203-8005-8 | |
| 000 | 01848nam 2200325 450 | |
| 001 | 202021193164 | |
| 005 | 20211025120136.0 | |
| 010 | @a978-7-5203-8005-8@dCNY108.00 | |
| 100 | @a20210927d2021 em y0chiy50 ea | |
| 101 | 0 | @achi |
| 102 | @aCN@b110000 | |
| 105 | @ay a 000yy | |
| 106 | @ar | |
| 200 | 1 | @a决胜绿色法庭@Ajue sheng lv se fa ting@e生态文明建设司法保障机制研究@d= Wins in the green tribunals@eon the judicial protection mechanism of the construction of ecological civilization@f王继恒著@zeng |
| 210 | @a北京@c中国社会科学出版社@d2021.03 | |
| 215 | @a289页@d24cm | |
| 225 | 2 | @a环境司法文库@Ahuan jing si fa wen ku |
| 300 | @a国家2011计划司法文明协同创新中心 最高人民法院环境资源司法理论研究基地 (武汉大学) | |
| 306 | @a本书由西北政法大学出版基金及陕西省社会科学基金项目资助出版 | |
| 314 | @a王继恒, 法学博士, 西北政法大学经济法学院副教授、硕士研究生导师, 国家法官学院广西分院、广西法官学院兼职教授。 | |
| 320 | @a有书目 (第282-284页) | |
| 330 | @a本书以生态文明建设的法治保障为切入点, 在持续关注中国环境司法理论与实践进展的基础上, 以生态环境司法治理机制创新的地方实践为参照样本, 既对其发展历程进行了回溯, 又对其运行机制及其治理效能存在的问题进行了全面观察和理性检视, 并结合对域外不同国家和地区环境法院和法庭最佳实践范例成功经验的分析, 就新时代我国环境司法专门化的完善与发展以及如何实现生态环境司法“善治”等问题提出了具体建议。 | |
| 410 | 0 | @12001 @a环境司法文库 |
| 510 | 1 | @aWins in the green tribunals@eon the judicial protection mechanism of the construction of ecological civilization@zeng |
| 517 | 1 | @a生态文明建设司法保障机制研究@Asheng tai wen ming jian she si fa bao zhang ji zhi yan jiu |
| 606 | 0 | @a生态环境@Asheng tai huan jing@x环境保护法@x研究@y中国 |
| 690 | @aD922.680.4@v5 | |
| 701 | 0 | @a王继恒@Awang ji heng@4著 |
| 801 | 0 | @aCN@c20210909 |
| 905 | @a河南城建学院图书馆@dD922.680.4@eW222 | |
| 决胜绿色法庭:生态文明建设司法保障机制研究= Wins in the green tribunals:on the judicial protection mechanism of the construction of ecological civilization/王继恒著.-北京:中国社会科学出版社,2021.03 |
| 289页;24cm.-(环境司法文库) |
| 国家2011计划司法文明协同创新中心 最高人民法院环境资源司法理论研究基地 (武汉大学) |
| ISBN 978-7-5203-8005-8:CNY108.00 |
| 本书以生态文明建设的法治保障为切入点, 在持续关注中国环境司法理论与实践进展的基础上, 以生态环境司法治理机制创新的地方实践为参照样本, 既对其发展历程进行了回溯, 又对其运行机制及其治理效能存在的问题进行了全面观察和理性检视, 并结合对域外不同国家和地区环境法院和法庭最佳实践范例成功经验的分析, 就新时代我国环境司法专门化的完善与发展以及如何实现生态环境司法“善治”等问题提出了具体建议。 |
| ● |
| 相关链接 |
|
|
|
正题名:决胜绿色法庭
索取号:D922.680.4/W222
 
预约/预借
| 序号 | 登录号 | 条形码 | 馆藏地/架位号 | 状态 | 备注 |
| 1 | 1542151 | 215421513 | 社科库509/509社科库 90排5列3层/ [索取号:D922.680.4/W222] | 在馆 |